| 000 | 00434nam a22001337a 4500 | ||
|---|---|---|---|
| 005 | 20170727150229.0 | ||
| 008 | 170727b xxu||||| |||| 00| 0 eng d | ||
| 040 | _cPK-LaUMT | ||
| 082 |
_aZIAC 220 _bOXF- |
||
| 245 |
_aThe Oxford concise concordance : _bthe revised standard version of the Holy Bible/ _cBruce M. Metzger and Isobel M. Metzger(Editors) |
||
| 260 |
_aNew York: _bOxford university, _c1962 |
||
| 300 | _a158 p. | ||
| 942 | _cBK | ||
| 999 |
_c95852 _d95852 |
||